[Event "Championnat de France Minime"]
[Site "CALVI"]
[Date "2005.04.19"]
[Round "3.1"]
[White "Dourerassou, Jonathan"]
[Black "Frederic, Clement"]
[Result "1-0"]
[WhiteElo "2343"]
[BlackElo "2095"]
[PlyCount "51"]
[EventDate "2005.??.??"]
[SourceDate "2005.04.17"]

1. e4 e6 2. d4 d5 3. Nc3 Bb4 4. e5 Qd7 5. Bd2 b6 6. Nce2 Bf8 7. g3 c5 8. f4 Ba6
9. Nf3 Nc6 10. Bc3 f5 11. exf6 gxf6 12. Bh3 Qe7 13. O-O Bg7 14. f5 Bxe2 15.
Qxe2 cxd4 16. Qb5 Qc5 17. Nxd4 Rc8 18. Qxc5 bxc5 19. Nxe6 Bf8 20. Rfe1 Kf7 21.
Bg2 Nce7 22. Bf3 h5 23. Nf4 d4 24. Bd2 Nxf5 25. Bd5+ Kg7 26. Be6 1-0

[Event "Championnat de France Minime"]
[Site "CALVI"]
[Date "2005.04.19"]
[Round "3.2"]
[White "Genzling, Alain"]
[Black "Edouard, Romain"]
[Result "1/2-1/2"]
[WhiteElo "2110"]
[BlackElo "2255"]
[PlyCount "172"]
[EventDate "2005.??.??"]
[SourceDate "2005.04.17"]

1. e4 c5 2. Nf3 Nc6 3. d4 cxd4 4. Nxd4 e5 5. Nb5 d6 6. N1c3 a6 7. Na3 b5 8. Nd5
Nge7 9. c4 Nxd5 10. cxd5 Nd4 11. Be3 Be7 12. Bd3 O-O 13. O-O Bf6 14. Qd2 Bd7
15. Bxd4 exd4 16. Nc2 Qb6 17. h3 g6 18. f4 Rae8 19. Ne1 Bg7 20. Nf3 f5 21. Rae1
fxe4 22. Bxe4 Re7 23. Ng5 d3+ 24. Kh1 Qd4 25. Bxg6 Rxe1 26. Bxh7+ Kh8 27. Rxe1
Qxf4 28. Qxf4 Rxf4 29. Bxd3 Bxb2 30. Re7 Rd4 31. Be4 Bc1 32. Nf7+ Kg8 33. Bf3
Bf5 34. Nxd6 Bb1 35. Re1 Bf4 36. Nxb5 Rb4 37. Nc3 Bg6 38. Re6 Bd3 39. Be2 Rc4
40. Bxd3 Rxc3 41. Bf1 a5 42. Re1 a4 43. Bb5 a3 44. Ba4 Kg7 45. Rd1 Bd6 46. Kg1
Kf6 47. Re1 Be5 48. Kh1 Rc4 49. Rf1+ Ke7 50. Bb3 Rc3 51. Rb1 Kd6 52. Kg1 Rd3
53. Kf1 Bb2 54. Bc4 Rc3 55. Be2 Kxd5 56. Bf3+ Ke5 57. Ke2 Kf4 58. Kd2 Rc4 59.
h4 Rd4+ 60. Kc2 Rc4+ 61. Kb3 Rc3+ 62. Kb4 Rc8 63. Rd1 Rc1 64. Rd7 Rh1 65. h5
Kg5 66. Rd5+ Kf4 67. Rd3 Kg5 68. Rxa3 Bxa3+ 69. Kxa3 Rb1 $11 70. Ka4 Kf6 71.
Ka5 Ke5 72. a4 Kd6 73. Be4 Rb8 74. h6 Ke5 75. Bc2 Kf4 76. h7 Kg3 77. Ka6 Kxg2
78. Ka7 Rh8 79. a5 Kf3 80. a6 Kf4 81. Kb7 Ke5 82. Kc7 Kf6 83. Be4 Kg7 84. a7
Rf8 85. Bb7 Kh8 86. Bc8 Rf7+ 1/2-1/2

[Event "Championnat de France Minime"]
[Site "CALVI"]
[Date "2005.04.19"]
[Round "3.3"]
[White "Heinz, Timothee"]
[Black "Fougerit, Valentin"]
[Result "1/2-1/2"]
[WhiteElo "2231"]
[BlackElo "2068"]
[PlyCount "88"]
[EventDate "2005.??.??"]
[SourceDate "2005.04.17"]

1. e4 e5 2. Nf3 Nf6 3. Nxe5 d6 4. Nf3 Nxe4 5. Nc3 Nxc3 6. dxc3 Nc6 7. Bf4 Be7
8. Qd2 Bg4 9. Be2 Qd7 10. O-O-O O-O-O 11. h3 Be6 12. Ng5 Bxg5 13. Bxg5 f6 14.
Be3 Rhe8 15. b3 a6 16. Rhe1 Re7 17. f4 Qe8 18. Bd3 Bd5 19. Bg1 Be4 20. Rxe4
Rxe4 21. Bxe4 Qxe4 22. Re1 Qg6 23. Qe2 Qf7 24. Bd4 f5 $11 25. a4 Kd7 26. Qf3
Re8 27. Rxe8 Kxe8 28. Bf2 Kd7 29. c4 Qf6 30. c3 Qf7 31. Kc2 g6 32. Be3 Kc8 33.
Bf2 Kd7 $11 34. Bg1 Qe6 35. Be3 h5 36. Bd2 Kc8 37. Qd3 Ne7 38. a5 Ng8 39. Qd4
Nf6 40. Kc1 c5 41. Qd3 Kc7 42. b4 Qe4 43. Qxe4 $11 Nxe4 44. Be1 Kd7 1/2-1/2

[Event "Championnat de France Minime"]
[Site "CALVI"]
[Date "2005.04.19"]
[Round "3.4"]
[White "Becht, Lucas"]
[Black "Vernay, Clovis"]
[Result "1/2-1/2"]
[WhiteElo "2016"]
[BlackElo "2224"]
[PlyCount "52"]
[EventDate "2005.??.??"]
[SourceDate "2005.04.17"]

1. e4 e6 2. d4 d5 3. Nc3 dxe4 4. Nxe4 Nd7 5. Nf3 Ngf6 6. Nxf6+ Nxf6 7. Bd3 c5
8. dxc5 Bxc5 9. Qe2 Qc7 10. Bd2 Ng4 11. Rf1 Bd7 12. h3 Nf6 13. O-O-O Bd6 14.
Rfe1 Bc6 15. Nd4 O-O 16. g4 Nd5 17. Qe4 g6 18. Nxc6 bxc6 19. h4 Bf4 20. Bxf4
Qxf4+ 21. Qxf4 Nxf4 22. Be4 Rac8 23. Rd7 f5 24. gxf5 exf5 25. Bd3 Nxd3+ 26.
cxd3 Rf7 1/2-1/2

[Event "Championnat de France Minime"]
[Site "CALVI"]
[Date "2005.04.19"]
[Round "3.5"]
[White "Monsieux, Cyril"]
[Black "Candy, Romain"]
[Result "1-0"]
[WhiteElo "2213"]
[BlackElo "2018"]
[PlyCount "91"]
[EventDate "2005.??.??"]
[SourceDate "2005.04.17"]

1. e4 e5 2. Nc3 Nc6 3. f4 exf4 4. d4 Qh4+ 5. Ke2 d5 6. exd5 Bg4+ 7. Nf3 O-O-O
8. dxc6 Bc5 9. Nb5 Nf6 10. Kd3 Qh5 11. Kc3 bxc6 12. Kb3 cxb5 13. c3 Be6+ 14.
Kc2 Qg6+ 15. Bd3 Qxg2+ 16. Kb1 Bd5 17. Rf1 Ne4 18. Bxf4 Nf2 19. Qe2 Qxf3 20.
Qxf3 Bxf3 21. Bf5+ Kb8 22. Rxf2 g5 23. Bd2 g4 24. dxc5 Rd5 25. Bc2 Rhd8 26. Kc1
h5 27. b4 h4 28. Bf4 Rg8 29. Kb2 Re8 30. Rg1 f5 31. Bg5 h3 32. Bf4 Kb7 33. a4
a6 34. axb5 axb5 35. Kc1 Ra8 36. Re1 Ra1+ 37. Bb1 Be4 38. Rxe4 fxe4 39. Kb2
Rxb1+ 40. Kxb1 Rd3 41. Kc2 Kc6 42. Re2 Rf3 43. Rxe4 Rf2+ 44. Kb3 Kd5 45. Rd4+
Kc6 46. Bg3 1-0

[Event "Championnat de France Minime"]
[Site "CALVI"]
[Date "2005.04.19"]
[Round "3.6"]
[White "Brethes, Francois"]
[Black "Trapp, Thibaut"]
[Result "1-0"]
[WhiteElo "2161"]
[BlackElo "2007"]
[PlyCount "51"]
[EventDate "2005.??.??"]
[SourceDate "2005.04.17"]

1. b3 Nf6 2. Bb2 e6 3. e3 b6 4. Nf3 Bb7 5. c4 Be7 6. Be2 O-O 7. d3 d5 8. O-O c5
9. cxd5 exd5 10. Nbd2 Nc6 11. Qc2 Re8 12. Rad1 Rc8 13. Qb1 Qc7 14. Rfe1 Bd6 15.
Bxf6 gxf6 16. d4 Kg7 17. Bd3 Rh8 18. Nf1 Ne7 19. Ng3 h5 20. Nh4 Bxg3 21. hxg3
Rcg8 22. e4 dxe4 23. Bxe4 Bxe4 24. Qxe4 Re8 25. d5 Qe5 26. Qf3 1-0

[Event "Championnat de France Minime"]
[Site "CALVI"]
[Date "2005.04.19"]
[Round "3.7"]
[White "Bizien, Matthieu"]
[Black "Delorme, Axel"]
[Result "0-1"]
[WhiteElo "1837"]
[BlackElo "2202"]
[PlyCount "36"]
[EventDate "2005.??.??"]
[SourceDate "2005.04.17"]

1. e4 c5 2. d4 cxd4 3. c3 dxc3 4. Nxc3 Nc6 5. Nf3 e6 6. Bc4 a6 7. O-O Nge7 8.
Qe2 Ng6 9. Rd1 Be7 10. Nd5 exd5 11. exd5 O-O 12. dxc6 bxc6 13. Be3 d5 14. Rac1
Bb7 15. Qc2 Bd6 16. Bb3 c5 17. Qf5 d4 18. Bf4 Bxf4 0-1

[Event "Championnat de France Minime"]
[Site "CALVI"]
[Date "2005.04.19"]
[Round "3.8"]
[White "Berthier, Hugo"]
[Black "Henry, Guillaume"]
[Result "1/2-1/2"]
[WhiteElo "1970"]
[BlackElo "2128"]
[PlyCount "109"]
[EventDate "2005.??.??"]
[SourceDate "2005.04.17"]

1. e4 d6 2. d4 g6 3. Nc3 Bg7 4. f4 Nf6 5. Nf3 c6 6. Bd3 O-O 7. O-O Qc7 8. e5
Nd5 9. Nxd5 cxd5 10. Qe2 Nc6 11. c3 a6 12. Be3 b5 13. Rac1 Bg4 14. h3 Bxf3 15.
Rxf3 Rac8 16. Qd2 e6 17. g4 dxe5 18. fxe5 Qb6 19. Kg2 b4 20. Qf2 bxc3 21. Rxc3
Rb8 22. Rb3 Qa7 23. Rxb8 Rxb8 24. b3 a5 25. a4 Nb4 26. Qf1 Rc8 27. Bb5 Rc2+ 28.
Kg3 Qc7 29. g5 Nc6 30. Qd1 Nd8 31. Bc4 Rc3 32. Bb5 Bf8 33. Bd2 Rxf3+ 34. Qxf3
Bb4 35. Qd3 Nc6 36. Qc2 Bxd2 37. Qxd2 Nb4 38. Kf3 Qc2 39. Qe3 Qh2 40. Kg4 Qg2+
41. Qg3 Qxg3+ 42. Kxg3 Nc2 43. Kf2 Nxd4 44. Ke3 Nxb3 45. Kd3 Kf8 46. Kc3 Nc5
47. Kd4 Ne4 48. h4 Ke7 49. Bd3 Nf2 50. Be2 Kd7 51. Bf3 Kc6 52. Be2 Kd7 53. Bf3
Kc6 54. Be2 Kd7 55. Bf3 1/2-1/2

[Event "Championnat de France Minime"]
[Site "CALVI"]
[Date "2005.04.19"]
[Round "3.9"]
[White "Bonnet, Anselme"]
[Black "Blake, Cyprien"]
[Result "0-1"]
[WhiteElo "1950"]
[BlackElo "2060"]
[PlyCount "50"]
[EventDate "2005.??.??"]
[SourceDate "2005.04.17"]

1. e4 c5 2. Nc3 Nc6 3. Nge2 g6 4. d4 cxd4 5. Nxd4 Bg7 6. Be3 Nf6 7. h3 O-O 8.
g3 d5 9. Nxc6 bxc6 10. exd5 Nxd5 11. Nxd5 cxd5 12. c3 Qc7 13. Bd2 Bb7 14. Bg2
d4 15. O-O Bxg2 16. Kxg2 Qb7+ 17. Kg1 Qxb2 18. cxd4 Qxd4 19. Rb1 a5 20. a4 Rfc8
21. Rb7 Rd8 22. Re1 Qxd2 23. Qxd2 Rxd2 24. Rexe7 Rf8 25. Ra7 Bc3 0-1

[Event "Championnat de France Minime"]
[Site "CALVI"]
[Date "2005.04.19"]
[Round "3.10"]
[White "Vuillermoz, Robert"]
[Black "Brucelle, Clement"]
[Result "1/2-1/2"]
[WhiteElo "2046"]
[BlackElo "1979"]
[PlyCount "96"]
[EventDate "2005.??.??"]
[SourceDate "2005.04.17"]

1. e4 e5 2. Nf3 Nc6 3. Bb5 a6 4. Ba4 Nf6 5. O-O Be7 6. Re1 b5 7. Bb3 O-O 8. c3
d5 9. exd5 Nxd5 10. Nxe5 Nxe5 11. Rxe5 c6 12. Bxd5 cxd5 13. d4 Bd6 14. Re3 Qh4
15. g3 Qh3 16. Qf3 Bg4 17. Qg2 Qh5 18. h4 Rae8 19. a4 Rxe3 20. Bxe3 Bf3 21. Qh2
f5 22. Nd2 f4 23. gxf4 Rf6 24. Kf1 Bd1 25. f3 Bxf3 26. axb5 axb5 27. Ra8+ Bf8
28. Qf2 Bg4 29. Qg2 h6 30. Rd8 Rf5 31. Kg1 Kh7 32. Bf2 Be7 33. Rd7 Bxh4 34.
Bxh4 Qxh4 35. Nf3 Qh3 36. Qxh3 Bxh3 37. Ne5 Rxe5 38. Rb7 Re2 39. Rxb5 Bg2 40.
b3 Be4 41. c4 Rd2 42. c5 Rxd4 43. Kf2 Rd2+ 44. Ke3 Rd3+ 45. Ke2 Rc3 46. Kd2 d4
47. Rb4 Rxc5 48. Rxd4 Rd5 1/2-1/2

[Event "Championnat de France Minime Fille"]
[Site "CALVI"]
[Date "2005.04.19"]
[Round "3.1"]
[White "Benmesbah, Natacha"]
[Black "Le Bail, Clara"]
[Result "1-0"]
[WhiteElo "2113"]
[BlackElo "1938"]
[PlyCount "67"]
[EventDate "2005.??.??"]
[SourceDate "2005.04.17"]

1. e4 e5 2. Bc4 f5 3. Nc3 Nf6 4. d3 c6 5. Bg5 Bc5 6. Qe2 d6 7. f4 Qe7 8. fxe5
dxe5 9. exf5 Bxf5 10. Ne4 Nbd7 11. Nf3 O-O-O 12. Nxc5 Qxc5 13. Be3 Qa5+ 14. c3
Rhe8 15. O-O e4 16. Nd4 exd3 17. Bxd3 Bxd3 18. Qxd3 Qd5 19. Bf4 Ne4 20. Rad1
Nb6 21. Qh3+ Nd7 22. Nf5 Qc5+ 23. Be3 Qe5 24. Bf4 Qc5+ 25. Kh1 Nf2+ 26. Rxf2
Qxf2 27. Bg3 Qc2 28. Nd6+ Kc7 29. Nxe8+ Kc8 30. Nd6+ Kc7 31. Nb5+ Kb6 32. Bc7+
Kxb5 33. Qh5+ Nc5 34. Bxd8 1-0

[Event "Championnat de France Minime Fille"]
[Site "CALVI"]
[Date "2005.04.19"]
[Round "3.2"]
[White "Laurens, Julia"]
[Black "Ferry, Justine"]
[Result "0-1"]
[WhiteElo "2023"]
[BlackElo "1882"]
[PlyCount "90"]
[EventDate "2005.??.??"]
[SourceDate "2005.04.17"]

1. d4 g6 2. c4 Bg7 3. Nc3 c5 4. d5 Bxc3+ 5. bxc3 f5 6. g3 Qa5 7. Qb3 Nf6 8. Bf4
d6 9. Bg2 Nbd7 10. Nh3 h6 11. O-O Nb6 12. e4 Nxe4 13. Rae1 g5 14. f3 gxf4 15.
fxe4 fxg3 16. exf5 gxh2+ 17. Kxh2 Bd7 18. f6 O-O-O 19. fxe7 Rdg8 20. Re4 Be8
21. Nf4 Nd7 22. Bh3 Kb8 23. Ne6 Ne5 24. Rf8 Nd7 25. Nd8 Qc7 26. Nxb7 Nxf8 27.
exf8=Q Rxf8 28. Nxc5+ Ka8 29. Ne6 Qh7 30. Rg4 Rf7 31. Nd8 Ba4 32. Qxa4 Rxd8 33.
Qc6+ Kb8 34. Rg2 Rb7 35. Be6 Qe7 36. Kh3 Rb6 37. Qa4 Qf6 38. Qc2 Rf8 39. Rg3
Qf1+ 40. Kh4 Rf4+ 41. Kh5 Qh1+ 42. Kg6 Qh4 43. Rg2 Qf6+ 44. Kh7 Rb7+ 45. Kg8
Qf8# 0-1

[Event "Championnat de France Minime Fille"]
[Site "CALVI"]
[Date "2005.04.19"]
[Round "3.3"]
[White "Gadarinian, Caroline"]
[Black "Bodlenner, Camille"]
[Result "1-0"]
[WhiteElo "1927"]
[BlackElo "1985"]
[PlyCount "87"]
[EventDate "2005.??.??"]
[SourceDate "2005.04.17"]

1. Nf3 Nf6 2. d4 g6 3. Bg5 Bg7 4. c3 O-O 5. Nbd2 d6 6. e3 Nbd7 7. Bd3 Qe8 8.
O-O e5 9. Qc2 Qe7 10. Rfe1 Re8 11. e4 c6 12. Rad1 Nf8 13. dxe5 dxe5 14. Nc4
N8d7 15. Bf1 Rd8 16. Ncxe5 Nxe5 17. Rxd8+ Qxd8 18. Nxe5 Qa5 19. f4 Ng4 20. Nxg4
Bxg4 21. a3 Be6 22. Kh1 Re8 23. Rd1 Qb6 24. Qe2 Qc7 25. Qe3 Bf5 26. e5 f6 27.
Bh4 fxe5 28. fxe5 b5 29. Qc5 a6 30. Rd6 Bf8 31. Rxc6 Qd7 32. Qb6 Qd1 33. Qf2
Rxe5 34. Kg1 Qd5 35. Bg3 Re8 36. Rc7 Bh6 37. Kh1 Qd1 38. h3 Rf8 39. Qe2 Qc1 40.
Bf2 Qb1 41. Kg1 Bg5 42. Qe5 Bf6 43. Qd5+ Kh8 44. Bd4 {Diagramme #} 1-0

[Event "Championnat de France Minime Fille"]
[Site "CALVI"]
[Date "2005.04.19"]
[Round "3.4"]
[White "Gras, Delphine"]
[Black "Koroid, Janna"]
[Result "1/2-1/2"]
[WhiteElo "1952"]
[BlackElo "1830"]
[PlyCount "98"]
[EventDate "2005.??.??"]
[SourceDate "2005.04.17"]

1. e4 Nf6 2. e5 Nd5 3. d4 d6 4. Nf3 g6 5. Bc4 Nb6 6. Bb3 Nc6 7. Bf4 Bg7 8. O-O
O-O 9. Nbd2 dxe5 10. dxe5 Na5 11. c3 Nxb3 12. Qxb3 Be6 13. Qc2 Nd5 14. Bg3 c5
15. Rad1 Qc7 16. Ne4 Qc6 17. Rfe1 Bf5 18. Qe2 Rad8 19. Nh4 Bxe4 20. Qxe4 f5 21.
exf6 exf6 22. c4 Nb4 23. Qxc6 Nxc6 24. Bd6 Rfe8 25. Rxe8+ Rxe8 26. Bxc5 Re4 27.
g3 Rxc4 28. Be3 Rc2 29. Rd2 Rxd2 30. Bxd2 f5 $11 31. b3 b5 32. Nf3 a5 33. Kf1
h6 34. Ke2 Kf7 35. Kd3 Ke6 36. a4 bxa4 37. bxa4 g5 38. Kc4 Kd6 39. Kb5 Nd4+ 40.
Nxd4 Bxd4 41. Be1 f4 42. Kxa5 fxg3 43. fxg3 g4 44. Kb5 Kc7 45. Kc4 Bg1 46. Kd5
Bxh2 47. Ke4 Kb6 48. Kf4 h5 49. Kg5 Bxg3 1/2-1/2

[Event "Championnat de France Minime Fille"]
[Site "CALVI"]
[Date "2005.04.19"]
[Round "3.5"]
[White "Bismuth, Lea"]
[Black "Congiu, Mathilde"]
[Result "0-1"]
[WhiteElo "1860"]
[BlackElo "2072"]
[PlyCount "80"]
[EventDate "2005.??.??"]
[SourceDate "2005.04.17"]

1. e4 c5 2. Nc3 g6 3. f4 Bg7 4. Nf3 Nc6 5. Bc4 e6 6. O-O Nge7 7. Qe1 O-O 8. a3
d5 9. Ba2 Nd4 10. Nxd4 cxd4 11. Nd1 Qb6 12. d3 Qc6 13. Bb3 dxe4 14. Qxe4 Bd7
15. Nf2 Rac8 16. Bd2 Qb6 17. Qe1 Bc6 18. Ne4 Bxe4 19. Qxe4 Rfd8 20. Kh1 Nd5 21.
Rae1 Nf6 22. Qf3 Nd7 23. Bc1 a5 24. Rf2 a4 25. Bxa4 Nc5 26. Bb3 Nxb3 27. cxb3
Qxb3 28. Qd1 Qxd1 29. Rxd1 $11 Rc6 30. Bd2 Rc2 31. Be3 Rdc8 32. Rxc2 Rxc2 33.
Bc1 Bh6 34. b4 e5 35. g3 b5 36. Kg1 f5 37. h3 e4 38. dxe4 fxe4 39. Re1 Bg7 40.
g4 d3 0-1

[Event "Championnat de France Minime Fille"]
[Site "CALVI"]
[Date "2005.04.19"]
[Round "3.6"]
[White "Esposito, Julie"]
[Black "Brih, Touatia"]
[Result "0-1"]
[WhiteElo "1810"]
[BlackElo "1904"]
[PlyCount "66"]
[EventDate "2005.??.??"]
[SourceDate "2005.04.17"]

1. e4 Nf6 2. Nc3 e5 3. Nf3 Nc6 4. Bb5 d6 5. d3 Bg4 6. h3 Bh5 7. g4 Bg6 8. Nd5
a6 9. Ba4 b5 10. Bb3 Na5 11. Bg5 Be7 12. Bxf6 Bxf6 13. Qd2 Nxb3 14. axb3 c6 15.
Ne3 d5 16. g5 Bxg5 17. Nxg5 Qxg5 18. exd5 cxd5 19. Nxd5 Qg2 20. Nc7+ Kd7 21.
O-O-O Kxc7 22. Qc3+ Kb7 23. Qxe5 Rac8 24. Rhe1 Qc6 25. c4 f6 26. Qc3 Rhe8 27.
Rxe8 Rxe8 28. Qd2 Qf3 29. Re1 Rxe1+ 30. Qxe1 Qf4+ 31. Kc2 Qe5 32. Qxe5 fxe5 33.
c5 b4 0-1

[Event "Championnat de France Minime Fille"]
[Site "CALVI"]
[Date "2005.04.19"]
[Round "3.7"]
[White "Bernard, Aline"]
[Black "Llorens, Jenna"]
[Result "0-1"]
[WhiteElo "1720"]
[BlackElo "1810"]
[PlyCount "128"]
[EventDate "2005.??.??"]
[SourceDate "2005.04.17"]

1. e4 c5 2. Nf3 d6 3. d4 cxd4 4. Nxd4 Nf6 5. Nc3 g6 6. f3 Bg7 7. Be3 Nc6 8. Qd2
O-O 9. Be2 Bd7 10. O-O a6 11. f4 b5 12. a3 Qc7 13. f5 Ne5 14. fxg6 fxg6 15. Nf3
Nc4 16. Bxc4+ Qxc4 17. Bh6 Bc6 18. Bxg7 Kxg7 19. Rae1 Nxe4 20. Nxe4 Bxe4 21.
Qd4+ Qxd4+ 22. Nxd4 Rxf1+ 23. Kxf1 d5 24. Re2 Rc8 25. Rf2 e5 26. Ne6+ Kg8 27.
Ng5 Bf5 28. Rd2 Rd8 29. Nf3 e4 30. Nd4 Kf7 31. Ke2 Kf6 32. Ke3 Rc8 33. c3 Ke5
34. h3 h5 35. h4 Rc7 36. g3 Rf7 37. Nc6+ Kd6 38. Nd4 Be6 39. Rd1 Bg4 40. Rd2
Rf1 41. Nb3 Rf3+ 42. Kd4 Rxg3 43. Nc5 e3 44. Rc2 Bd1 45. Rh2 Rg1 46. Nd3 e2 47.
Rf2 Rf1 48. Rg2 Rf6 49. Ke3 Re6+ 50. Kd2 Kc6 51. Ke1 $11 Rf6 52. Rxg6 Rxg6 53.
Ne5+ Kc5 54. Nxg6 d4 55. cxd4+ Kxd4 56. Nf4 Kc4 57. Nxh5 Kb3 58. Nf6 Kxb2 59.
h5 Kxa3 60. h6 Bc2 61. Kxe2 b4 62. h7 Bxh7 63. Nxh7 b3 64. Kd2 b2 0-1

[Event "Championnat de France Minime Fille"]
[Site "CALVI"]
[Date "2005.04.19"]
[Round "3.8"]
[White "Ezanno, Morgane"]
[Black "Salinas, Deborah"]
[Result "1-0"]
[WhiteElo "1800"]
[BlackElo "1590"]
[PlyCount "53"]
[EventDate "2005.??.??"]
[SourceDate "2005.04.17"]

1. e4 e6 2. d4 d5 3. Nc3 Nf6 4. Bg5 dxe4 5. Nxe4 Be7 6. Bxf6 Bxf6 7. Nf3 O-O 8.
h4 Nd7 9. Bd3 h5 10. Nfg5 g6 11. g4 Kg7 12. gxh5 Bxd4 13. hxg6 Ne5 14. gxf7 Rh8
15. Rg1 Kf8 16. c3 Bb6 17. Bc4 Qe7 18. Qe2 Rxh4 19. O-O-O Rf4 20. Bxe6 Ng6 21.
Nh7+ Kg7 22. Rxg6+ Kxg6 23. Rg1+ Kh6 24. f8=B+ Rxf8 25. Rh1+ Kg7 26. Qg4+ Kh8
27. Nhf6+ 1-0

[Event "Championnat de France Minime Fille"]
[Site "CALVI"]
[Date "2005.04.19"]
[Round "3.9"]
[White "Lacombe, Marjorie"]
[Black "Draillard, Margot"]
[Result "1-0"]
[WhiteElo "1580"]
[BlackElo "1760"]
[PlyCount "91"]
[EventDate "2005.??.??"]
[SourceDate "2005.04.17"]

1. e4 e6 2. d4 d5 3. Nc3 Nf6 4. Bg5 Be7 5. e5 Nfd7 6. h4 Bxg5 7. hxg5 Qxg5 8.
Nh3 Qe7 9. Nf4 c5 10. Nb5 Qd8 11. Nd6+ Ke7 12. Qg4 Kf8 {Diagramme #} 13. Nxe6+
fxe6 14. Qf4+ Nf6 15. exf6 gxf6 16. dxc5 Ke7 17. Qh6 Kd7 18. Bb5+ Kc7 19. Nf7
Qf8 20. Nxh8 Qxh8 21. Qxh7+ Qxh7 22. Rxh7+ Kd8 23. O-O-O a6 24. Ba4 Nc6 25. c4
Ne7 26. cxd5 exd5 27. Re1 Nc6 28. Bxc6 bxc6 29. Ree7 Bf5 30. Rhg7 Rb8 31. Ref7
Ke8 32. Rxf6 Bd7 33. Rh6 Kd8 34. Rh8+ Kc7 35. Rxb8 Kxb8 36. Rxd7 a5 37. g4 Kc8
38. Rh7 Kd8 39. g5 Ke8 40. g6 Kf8 41. Ra7 Kg8 42. f4 Kf8 43. f5 a4 44. f6 Ke8
45. g7 a3 46. g8=R# 1-0

[Event "Championnat de France Minime Fille"]
[Site "CALVI"]
[Date "2005.04.19"]
[Round "3.10"]
[White "Hamman, Sophie"]
[Black "Belloc, Sidonie"]
[Result "1/2-1/2"]
[WhiteElo "1750"]
[BlackElo "1570"]
[PlyCount "80"]
[EventDate "2005.??.??"]
[SourceDate "2005.04.17"]

1. e4 e6 2. d4 d5 3. Nd2 Nf6 4. e5 Nfd7 5. Bd3 c5 6. c3 Nc6 7. Ne2 Qb6 8. Nf3
Be7 9. O-O O-O 10. Nf4 cxd4 11. cxd4 h6 12. Bc2 Re8 13. Qd3 Nf8 14. a3 Bd7 15.
Re1 Na5 16. b4 Bb5 17. bxa5 Bxd3 18. axb6 Bxc2 19. Re2 Ba4 20. bxa7 Rxa7 21.
Bb2 Rea8 22. Re3 Nd7 23. Rc3 Bc6 24. Nd3 Nb6 25. Nd2 Na4 26. Rb3 Nxb2 27. Rxb2
Rxa3 28. Rxa3 Rxa3 29. Rb3 Ra1+ 30. Rb1 Rxb1+ 31. Nxb1 b5 32. Kf1 Kf8 33. Ke1
Ke8 34. Kd2 Kd8 35. Kc3 Kc7 36. Nd2 Kb6 37. Nb3 f6 38. f4 Bd7 39. Nbc5 Bc8 40.
Kb4 fxe5 1/2-1/2

[Event "Championnat de France Minime"]
[Site "CALVI"]
[Date "2005.04.19"]
[Round "4.1"]
[White "Monsieux, Cyril"]
[Black "Dourerassou, Jonathan"]
[Result "0-1"]
[WhiteElo "2213"]
[BlackElo "2343"]
[PlyCount "48"]
[EventDate "2005.??.??"]
[SourceDate "2005.04.17"]

1. e4 c5 2. c3 Nf6 3. e5 Nd5 4. d4 cxd4 5. Nf3 Nc6 6. cxd4 d6 7. exd6 Bg4 8.
Nc3 Qxd6 9. Qb3 e6 10. Be3 Qb4 11. Nd2 Qxb3 12. Nxb3 Ndb4 13. Rc1 Bf5 14. Kd2
$11 Rd8 15. a3 e5 16. Bb5 a6 17. Ba4 exd4 18. Nxd4 Bc5 19. Nce2 Bxd4 20. Bxd4
b5 21. Ke3 Nd5+ 22. Kf3 Nde7 23. Bxg7 Rg8 24. Bf6 Rd3+ {Diagramme #} 0-1

[Event "Championnat de France Minime"]
[Site "CALVI"]
[Date "2005.04.19"]
[Round "4.2"]
[White "Edouard, Romain"]
[Black "Brethes, Francois"]
[Result "1-0"]
[WhiteElo "2255"]
[BlackElo "2161"]
[PlyCount "67"]
[EventDate "2005.??.??"]
[SourceDate "2005.04.17"]

1. e4 b6 2. d4 Bb7 3. Bd3 e6 4. Ne2 c5 5. c3 Nf6 6. Nd2 cxd4 7. cxd4 Bb4 8. f3
Nc6 9. a3 Be7 10. b4 O-O 11. O-O d6 12. Bb2 d5 13. e5 Nd7 14. Rc1 a6 15. f4 b5
16. Rxc6 Bxc6 17. Qc2 Rc8 18. Bxh7+ Kh8 19. Rf3 f5 20. Rh3 Bh4 21. Nf3 Kxh7 22.
Rxh4+ Qxh4 23. Nxh4 Nb6 24. Qd3 Be8 25. Nf3 Rc6 26. Nc1 Nc4 27. Bc3 Nxa3 28.
Nb3 g6 29. Nc5 Kg7 30. Be1 Nc4 31. Bh4 Nb6 32. Bf6+ Kg8 33. Ng5 Nd7 34. Nxd7
1-0

[Event "Championnat de France Minime"]
[Site "CALVI"]
[Date "2005.04.19"]
[Round "4.3"]
[White "Blake, Cyprien"]
[Black "Heinz, Timothee"]
[Result "0-1"]
[WhiteElo "2060"]
[BlackElo "2231"]
[PlyCount "142"]
[EventDate "2005.??.??"]
[SourceDate "2005.04.17"]

1. e4 c5 2. Nf3 d6 3. d4 Nf6 4. Nc3 cxd4 5. Nxd4 a6 6. Bg5 e6 7. f4 Qb6 8. Nb3
Nbd7 9. Qf3 Be7 10. O-O-O Qc7 11. g4 b5 12. Bxf6 Nxf6 13. g5 Nd7 14. h4 b4 15.
Ne2 Bb7 16. Nbd4 Rc8 17. Rd2 Nc5 18. Ng3 Qa5 19. Bc4 Nxe4 20. Nxe4 Rxc4 21.
Nxd6+ Bxd6 22. Qxb7 Qxa2 23. Nb3 O-O 24. Rxd6 Qxb3 25. Rh2 Qe3+ 26. Rhd2 Qxf4
27. Qe7 Rcc8 28. R6d4 Qf1+ 29. Rd1 Qf2 30. R1d2 Qe1+ 31. Rd1 Qe2 32. R1d2 Qe1+
33. Rd1 Qe3+ 34. Kb1 b3 35. cxb3 Qf2 36. Qa3 Qf5+ 37. Ka2 Qc5 38. Rc4 Qxa3+ 39.
bxa3 Rxc4 40. bxc4 f5 41. gxf6 gxf6 42. c5 Rc8 43. Rd6 Kf7 44. Rxa6 Rxc5 45. a4
f5 46. a5 f4 47. Ra7+ Kg6 48. a6 f3 49. Ra8 f2 50. Rf8 Ra5+ 51. Kb2 Rxa6 52.
Rxf2 Rc6 53. Rf4 e5 54. Rg4+ Kf5 55. Rg7 h6 56. h5 e4 57. Rf7+ Kg4 58. Re7 Kf3
59. Rf7+ Ke2 60. Rg7 Rc5 61. Re7 e3 62. Re6 Rxh5 63. Kc3 Rh3 64. Rd6 Ke1 65.
Kc2 e2 66. Rf6 Rh5 67. Rf8 Rc5+ 68. Kb2 Kd2 69. Rd8+ Ke3 70. Re8+ Kd3 71. Re7
h5 0-1

[Event "Championnat de France Minime"]
[Site "CALVI"]
[Date "2005.04.19"]
[Round "4.4"]
[White "Vernay, Clovis"]
[Black "Gamet, Arnaud"]
[Result "1-0"]
[WhiteElo "2224"]
[BlackElo "2028"]
[PlyCount "65"]
[EventDate "2005.??.??"]
[SourceDate "2005.04.17"]

1. d4 Nf6 2. c4 c5 3. d5 b5 4. cxb5 a6 5. b6 g6 6. Nc3 Qxb6 7. e4 d6 8. Be2 Bg7
9. Nf3 Nbd7 10. O-O O-O 11. Nd2 Bb7 12. a4 Rfe8 13. Nc4 Qc7 14. a5 Rad8 15. Bf4
Ne5 16. Nb6 e6 17. Bg5 h6 18. Bh4 g5 19. Bg3 Ng6 20. f4 exd5 21. exd5 Ne4 22.
Nxe4 Rxe4 23. f5 Bd4+ 24. Kh1 Nf8 25. Bd3 Ree8 26. f6 Nh7 27. Qh5 Nxf6 28. Qxh6
Re3 29. Qxg5+ Kf8 30. Qh6+ Kg8 31. Bc2 Rxg3 32. hxg3 Qe7 33. Rae1 1-0

[Event "Championnat de France Minime"]
[Site "CALVI"]
[Date "2005.04.19"]
[Round "4.5"]
[White "Delorme, Axel"]
[Black "Becht, Lucas"]
[Result "1-0"]
[WhiteElo "2202"]
[BlackElo "2016"]
[PlyCount "57"]
[EventDate "2005.??.??"]
[SourceDate "2005.04.17"]

1. e4 c5 2. Nf3 Nc6 3. d4 cxd4 4. Nxd4 Nf6 5. Nc3 e5 6. Ndb5 d6 7. Bg5 a6 8.
Na3 b5 9. Bxf6 gxf6 10. Nd5 f5 11. c3 Bg7 12. Bd3 Be6 13. Nxb5 axb5 14. Bxb5
Bd7 15. exf5 Rc8 16. Qf3 Qa5 17. f6 Bf8 18. a4 Nd4 19. Bxd7+ Kxd7 20. Qh3+ Kd8
21. Nb4 d5 22. O-O Ne2+ 23. Kh1 Nf4 24. Qf3 Bxb4 25. cxb4 Qxb4 26. g3 Rc4 27.
gxf4 e4 28. Qh5 Ke8 29. Qxd5 1-0

[Event "Championnat de France Minime"]
[Site "CALVI"]
[Date "2005.04.19"]
[Round "4.6"]
[White "Fahys, Jonathan"]
[Black "Genzling, Alain"]
[Result "0-1"]
[WhiteElo "2000"]
[BlackElo "2110"]
[PlyCount "50"]
[EventDate "2005.??.??"]
[SourceDate "2005.04.17"]

1. e4 c5 2. Nf3 Nc6 3. d4 cxd4 4. Nxd4 Nf6 5. Nc3 e5 6. Ndb5 d6 7. Bg5 a6 8.
Na3 b5 9. Bxf6 gxf6 10. Nd5 Bg7 11. c3 f5 12. Bd3 Be6 13. O-O Bxd5 14. exd5 Ne7
15. Qh5 e4 16. Bc2 O-O 17. Rad1 Qc8 18. Bb3 f4 19. Nc2 Ng6 20. Nd4 Re8 21. Nf5
Re5 22. Nxd6 Rxh5 23. Nxc8 Rxc8 24. d6 Rd8 25. a4 Re5 0-1